Take command (Record no. 82651)
[ view plain ]
| 000 -LEADER | |
|---|---|
| fixed length control field | 00751cab a22001935a 4500 |
| 001 - CONTROL NUMBER | |
| control field | L150850 |
| 008 - FIXED-LENGTH DATA ELEMENTS--GENERAL INFORMATION | |
| fixed length control field | 100908e20100807xxk 000 0 eng d |
| 035 ## - SYSTEM CONTROL NUMBER | |
| System control number | (Sirsi) u150850 |
| 041 0# - LANGUAGE CODE | |
| Language code of text/sound track or separate title | eng |
| 100 1# - MAIN ENTRY--PERSONAL NAME | |
| Personal name | Eden, N. |
| 245 00 - TITLE STATEMENT | |
| Title | Take command |
| 260 ## - PUBLICATION, DISTRIBUTION, ETC. | |
| Date of publication, distribution, etc. | 2010 |
| 490 ## - SERIES STATEMENT | |
| Series statement | Estates Gazette |
| Volume/sequential designation | (1031) 7 August 2010, 54-57(4) |
| 520 ## - SUMMARY, ETC. | |
| Summary, etc. | First part of Blundell Lecture gives guidance to valuers on the correct process and methodology to adopt when dealing with instructions relating to damages and dilapidations. Includes information about the need for valuation, assessment of diminution of value and the bases of valuation. |
| 590 ## - LOCAL NOTE (RLIN) | |
| Local note | KA |
| 651 #4 - SUBJECT ADDED ENTRY--GEOGRAPHIC NAME | |
| Geographic name | United Kingdom |
| Chronological subdivision | |
| 690 ## - LOCAL SUBJECT ADDED ENTRY--TOPICAL TERM (OCLC, RLIN) | |
| Topical term or geographic name as entry element | PROPERTY-PROPERTY APPRAISAL AND VALUATION |
| 942 ## - ADDED ENTRY ELEMENTS (KOHA) | |
| Suppress in OPAC | 0 |
| Withdrawn status | Lost status | Source of classification or shelving scheme | Damaged status | Not for loan | Home library | Current library | Shelving location | Date acquired | Total Checkouts | Full call number | Barcode | Date last seen | Copy number | Price effective from | Koha item type |
|---|---|---|---|---|---|---|---|---|---|---|---|---|---|---|---|
| Dewey Decimal Classification | London | London | Journal article | 08/09/2010 | L150850 | 150850-1001 | 06/08/2019 | 1 | 06/08/2019 | Journal article |